| 000 | 00525nam a22001817a 4500 | ||
|---|---|---|---|
| 005 | 20260225104754.0 | ||
| 008 | 260225b |||||||| |||| 00| 0 eng d | ||
| 020 | _a9780323798952 (pbk) | ||
| 040 | _cPK-LaUMT | ||
| 082 |
_a611.31 _bNAN-T |
||
| 100 |
_aNanci, Antonio _99466 |
||
| 245 |
_aTen Cate's oral histology : _bdevelopment, structure and function / _cby Antonio Nanci |
||
| 250 | _a10th ed. | ||
| 260 |
_aIndia : _bElsevier, _c2025 |
||
| 300 | _a334 p. | ||
| 650 |
_aTeeth and mouth histology _99467 |
||
| 942 | _cBK | ||
| 999 |
_c139876 _d139876 |
||